Top 100 USA Baby Girls Names - 2017 - Statistics

General Stats
  • This quiz has been taken 1,638 times
  • The average score is 51 of 100
Answer Stats
Hint Answer % Correct
1 E Emma
96%
2 O Olivia
96%
92 I Isabelle
93%
3 A Ava
88%
12 E Emily
88%
4 I Isabella
87%
15 S Sofia
85%
5 S Sophia
85%
7 C Charlotte
84%
8 A Amelia
82%
74 E Emilia
82%
6 M Mia
82%
41 Z Zoe
82%
29 Z Zoey
82%
13 E Elizabeth
81%
16 E Ella
81%
19 V Victoria
81%
32 H Hannah
80%
62 S Sarah
80%
53 A Anna
79%
21 G Grace
78%
22 C Chloe
75%
33 L Lily
75%
9 E Evelyn
74%
17 M Madison
73%
10 A Abigail
71%
11 H Harper
70%
73 E Eva
68%
20 A Aria
62%
14 A Avery
62%
44 E Ellie
61%
52 L Lucy
61%
36 N Natalie
61%
48 V Violet
61%
24 P Penelope
60%
65 A Alexa
59%
28 N Nora
59%
70 A Alice
58%
54 S Samantha
57%
34 A Addison
55%
66 A Ariana
51%
87 A Arianna
51%
35 E Eleanor
51%
60 A Allison
50%
72 H Hailey
50%
25 R Riley
50%
76 Q Quinn
49%
18 S Scarlett
49%
40 L Leah
48%
100 M Madeline
48%
63 M Madelyn
48%
30 M Mila
48%
46 A Audrey
47%
50 B Bella
47%
79 R Ruby
47%
26 L Layla
46%
61 M Maya
46%
81 W Willow
45%
27 L Lillian
44%
86 A Aubree
43%
31 A Aubrey
43%
55 C Caroline
43%
49 C Claire
43%
37 L Luna
43%
96 C Clara
42%
93 J Julia
42%
38 S Savannah
41%
42 S Stella
41%
68 G Gabriella
39%
97 V Vivian
38%
39 B Brooklyn
37%
43 H Hazel
36%
69 N Naomi
35%
99 M Mackenzie
33%
71 S Sadie
33%
23 C Camila
32%
45 P Paisley
32%
83 C Cora
31%
91 G Gianna
31%
85 L Lydia
31%
89 P Peyton
31%
57 A Aaliyah
30%
51 A Aurora
30%
75 A Autumn
29%
67 E Elena
28%
58 K Kennedy
27%
78 P Piper
26%
64 A Adeline
25%
84 K Kaylee
25%
47 S Skylar
25%
82 E Everly
22%
88 E Eliana
21%
90 M Melanie
21%
95 N Nova
21%
77 N Nevaeh
20%
56 G Genesis
17%
94 V Valentina
17%
80 S Serenity
14%
59 K Kinsley
13%
98 R Reagan
11%
No matching quizzes found
Score Distribution
Percent of People with Each Score
Percentile by Number Answered
Your Score History
You have not taken this quiz